00647nam a22002057a 450000500170000001000130001702000250003003500130005503700160006804000120008408200160009610000180011224500680013024600060019826000370020427000440024130000280028565000610031365000670037420170124110241.0 aB-190671 c00.00a9788172341404 aB-190671 bCen Lib/Ret aDPLbEN a954.36bSIN aSingh, Priti  aThe islands and tribes of Andaman and Nicobar /cby Priti Singh b  aNew Delhi bPrakash Books c2006 a1, Ansari road, dariyaganj bNew Delhi  a216p. :c29cm(Hb)bill. aAndaman and Nicobar Islands (India) -- Pictorial works.  aAndaman and Nicobar Islands (India) -- Description and travel.